El principio de complementariedad y la ley de justicia y paz: Principales desafo̕s

Detalles Bibliográficos
Autor principal: Wolffhügel Gutiřrez, Christian
Formato: Libro
Lenguaje:español
Publicado: Colombia Universidad Sergio Arboleda 2011
Materias:
Acceso en línea:Acceso restringido

MARC

LEADER 00000nam a22000007a 4500
005 20160419121345.0
007 cr|||| ||u|
008 160419s2011 ck ||||| |||| 00||0 spa d
020 |a 978-958-8350-97-4 
035 |a 14148 
040 |a vLex  
090 |c 6017  |d 6017 
100 1 |a Wolffhügel Gutiřrez, Christian 
245 1 3 |a El principio de complementariedad y la ley de justicia y paz: Principales desafo̕s  |h [Recurso electrn̤ico] /  |c Christian Wolffhügel Gutiřrez  
256 |a Servicio en ln̕ea  
260 |a Colombia   |b Universidad Sergio Arboleda  |c 2011 
300 |a 1 recurso electrn̤ico (889 Pg̀inas) 
500 |a ¿La Corte Penal Internacional podr ̀ejercer su facultad de intervencin̤ complementaria? 
506 1 |a Contenido solo disponible en los productos indicados   |d vLex Global  |d vLex Global (Academic Edition, excluding Law Schools)  |d vLex Global (U.S. Academic Edition, Law Schools)  |d vLex Global (U.S. Academic Edition, excluding Law Schools)  |d vLex Global (Academic Edition, Law Schools) 
650 0 4 |a Derecho  |z Colombia  
740 0 |a vLex libros (servicio en ln̕ea)  
856 4 0 |u http://vlex.com/source/principio-complementariedad-ley-justicia-paz-principales-desafios-14148  |z Acceso restringido  
942 |c BOOK 
999 0 |a Law  |b Colombia